000 00480nam a2200193Ia 4500
005 20250117062355.0
008 240331s9999 xx 000 0 und d
020 _a8185229066
082 _bHAB
_a934
100 _aHabib, I
245 0 _aEssays in Indian history :
_btowards amarxist perception
260 _aNew Delhi
_bTulika books
_c1995
300 _ax, 381 p .,
650 _aSocial
650 _aHistory
650 _aEconomic
650 _aColonialization
942 _cL
999 _c3435
_d3435